000 00287nam a22001337a 4500
008 170327b xxu||||| |||| 00| 0 eng d
020 _a9780681185807
041 _aeng
080 _a615.83
100 _a8
101 _aSHM
245 _aYOGA COMPLETE GUIED
_cSMITH.J
942 _2udc
_cBK
999 _c8761
_d8761